000 02209nam a2200637 i 4500
001 35625
003 KOSZ 005
005 20240405063110.0
008 231004s1995 pl a g 001 0apol
015 _aUWD 2014/13181
020 _a8385218890
035 _a991021617489705066
035 _a(PL-WaBN)b30222928-48omnis_nlop
035 _ab30222928
035 _a(OCoLC)750729613
035 _a(PL)b0000003022292
035 _a(EXLNZ-48OMNIS_NETWORK)9910205441305606
040 _aWA N
_cWA N
_dKOSZ 005/RW
045 _bd1939
_bd1989
046 _k1994
080 _a343.26-052:321.64(438)
080 _a355.40(438)
080 _a929-051(438)"19"
080 _a94(438).082
080 _a94(438).083
100 1 _aLeski, Kazimierz
_d(1912-2000)
_eAutor
245 1 0 _aŻycie niewłaściwie urozmaicone :
_bwspomnienia oficera wywiadu i kontrwywiadu AK /
_cKazimierz Leski.
250 _aWydanie 2. poszerzone i uzupełnione.
260 _aWarszawa :
_bOficyna Wydawnicza Volumen,
_c1995.
300 _a532, [5] strony, [80] stron tablic :
_bilustracje ;
_c24 cm.
336 _aTekst
_btxt
_2rdacontent
337 _aBez urządzenia pośredniczącego
_bn
_2rdamedia
338 _aWolumin
_bnc
_2rdacarrier
380 _aKsiążki
380 _aLiteratura faktu, eseje, publicystyka
388 1 _a1901-2000
388 1 _a1989-2000
490 1 _aPodróże po Historii
504 _aIndeks.
600 1 7 _aLeski, Kazimierz
_d(1912-2000)
_2DBN
610 2 7 _aBiuro Studiów Wojskowych (Armia Krajowa)
_2DBN
648 7 _a1901-2000
_2DBN
648 7 _a1939-1945
_2DBN
648 7 _a1945-1989
_2DBN
650 7 _aWięźniowie polityczni
_2DBN
650 7 _aWywiad wojskowy polski
_2DBN
651 7 _aPolska
655 7 _aPamiętniki polskie
_2DBN
658 _aBezpieczeństwo i wojskowość
658 _aHistoria
710 2 _aOficyna Wydawnicza Volumen, Mirosława Łątkowska
_4pbl
830 0 _aPodróże po Historii
856 _uhttp://koha.tu.koszalin.pl/cgi-bin/koha/opac-detail.pl?biblionumber=35625
_yKatalog online BPK
942 _2UKD
_cKS
999 _c35625
_d35625